000 00507nam a2200181Ia 4500
999 _c13985
_d13985
003 OSt
005 20201023115646.0
008 190216s9999||||xx |||||||||||||| ||und||
020 _a9780099599517
040 _coclc
082 _a823
_bAND/H
100 _aAnderson, Barbara
_95856
245 4 _aThe House Guest /
_cBarbara Anderson
260 _bVintage Books ,
_c1996.
_aLondon:
300 _a312p
650 _aNovel&Amp;Short Stories
942 _cBK
_2ddc
_h823
_iAND/H
_k823
_mAND/H